Équipe de Nouvelle-Zélande de rugby - Record d'essais - Statistiques

Statistiques générales
  • Ce quiz a été pris 177 fois
    151 depuis la dernière actualisation
  • Le résultat moyen est 10 sur 28
Statistiques - réponses
Essais Joueur % Correct
37 Jonah Lomu
91%
29 Daniel Carter
81%
19 Aaron Smith
72%
39 Ben Smith
72%
26 Conrad Smith
72%
36 Beauden Barrett
70%
46 Julian Savea
69%
27 Richie McCaw
61%
31 Ma'a Nonu
60%
26 Kieran Read
43%
46 Josevata Rokocoko
37%
24 Rieko Ioane
37%
36 Tana Umaga
27%
49 Douglas Howlett
26%
26 Israel Dagg
20%
46 Christian Cullen
19%
29 Sitiveni Sivivatu
17%
44 Jeff Wilson
15%
19 Stuart Wilson
15%
35 John Kirwan
14%
18 Cory Jane
13%
34 Mils Muliaina
13%
24 Justin Marshall
10%
16 Waisake Naholo
9%
17 Zinzan Brooke
7%
20 Frank Bunce
4%
16 Ian Kirkpatrick
1%
18 Terry Wright
1%
Aucun quiz correspondant
Distribution des résultats
% des personnes avec chaque résultat
Percentile par nombre de réponses
Votre historique - résultats
Vous n’avez pas pris ce quiz depuis la dernière actualisation